Quizzes
Events
Quiz Creation
Community
Videos
Private Events
Remove Ads
Sign In
Join for FREE
Feedback
Dark Mode
Quiz Categories
Sports
Geography
Music
Movies
Television
Just For Fun
Miscellaneous
History
Literature
Language
Science
Gaming
Entertainment
Religion
Holiday
For Kids
Quiz Lab
Recent
Popular Today
Quiz Kudos Today
Editor Picks
Curator Picks
Quizzes by...
Day
Popularity
Type
Ratings
Length
Year
Community
Subscriptions
Recent Discussions
Orange Saloon
Badges
Playlists
Quests
Create
Leaderboards
Showdown
Live 5
Trivia Bingo
Activity
Puzzle Library
Sporcle Events
Private Events
Virtual Trivia
Globe League
Become a Host
Pub Owners
SporcleCon
Opinionation
Our Games
Videos
Blog
Mobile Apps
Partnerships
Remove Ads and Go Orange
Feedback
Sports
Athletes
MLB
NBA
NHL
NFL
Soccer
Sports Teams
WWE
NCAA
Football
Premier League
Basketball
Baseball
Hockey
Golf
Tennis
Cricket
Rugby
Auto Racing
Olympics
World Cup
Sports
Athletes
MLB
NBA
NHL
NFL
Soccer
Sports Teams
WWE
NCAA
Football
Premier League
Basketball
Baseball
Hockey
Golf
Tennis
Cricket
Rugby
Auto Racing
Olympics
World Cup
Random Quiz
Search Sporcle
×
Quiz Lab
Quiz Lab
Sports
WWE
Type in answers that appear in a list
Type in answers that appear in a list
Classic
Best Score? Go Orange.
WCW/WWE Cruiserweight Champions Stats
Can you name the WWE cruiserweight champions?
By
nolan21912
12m
75 Questions
1,222 Plays
1,222 Plays
1,222 Plays
Comments
Comments
Give Quiz Kudos
Give Quiz Kudos
-
- Ratings
hide this ad
Replay
Link that replays current quiz
Next Quiz
Link to next quiz in quiz playlist
You Got
0%
They Got
Avg Score
64%
Avg Friend Score
Upgrade to see
Score Distribution
Jump to the score distribution portion of the page
Score
0/75
Timer
12:00
0
Plays Today
Time Held
Superstar/Diva
% Correct
7/
8/
96-
10/
27/
96
Rey Mysterio
96.2%
10/
26/
97-
11/
10/
97
Rey Mysterio
96.2%
1/
15/
98-
1/
24/
98
Rey Mysterio
96.2%
3/
15/
99-
4/
19/
99
Rey Mysterio
96.2%
6/
5/
03-
9/
25/
03
Rey Mysterio
96.2%
1/
1/
04-
2/
15/
04
Rey Mysterio
96.2%
6/
17/
04-
7/
29/
04
Rey Mysterio
96.2%
12/
4/
00-
3/
18/
01
Chavo Guerrero
92.9%
2/
15/
04-
5/
6/
04
Chavo Guerrero
92.9%
5/
16/
04-
5/
20/
04
Chavo Guerrero
92.9%
2/
20/
05-
3/
31/
05
Chavo Guerrero
92.9%
2/
18/
07-
7/
23/
07
Chavo Guerrero
92.9%
9/
14/
97-
10/
26/
97
Eddie Guerrero
91.6%
11/
10/
97-
12/
29/
97
Eddie Guerrero
91.6%
9/
14/
98-
11/
16/
98
Billy Kidman
82.3%
11/
22/
98-
3/
15/
99
Billy Kidman
82.3%
3/
30/
00-
3/
31/
00
Billy Kidman
82.3%
7/
5/
01-
7/
30/
01
Billy Kidman
82.3%
10/
11/
01-
10/
22/
01
Billy Kidman
82.3%
4/
4/
02-
4/
21/
02
Billy Kidman
82.3%
11/
17/
02-
2/
23/
03
Billy Kidman
82.3%
6/
28/
97-
7/
28/
97
Chris Jericho
81.6%
8/
12/
97-
9/
14/
97
Chris Jericho
81.6%
6/
14/
98-
8/
8/
98
Chris Jericho
81.6%
1/
24/
98-
5/
17/
98
Chris Jericho
80.8%
5/
2/
96-
7/
8/
96
Dean Malenko
79.9%
10/
27/
96-
12/
29/
96
Dean Malenko
79.9%
1/
22/
97-
2/
24/
97
Dean Malenko
79.9%
5/
17/
98-
6/
14/
98
Dean Malenko
79.9%
1/
8/
98-
1/
15/
98
Juventud
75.1%
8/
8/
98-
9/
14/
98
Juventud
75.1%
11/
16/
98-
11/
22/
98
Juventud
75.1%
10/
9/
05-
11/
15/
05
Juventud
75.1%
11/
26/
05-
12/
19/
05
Juventud
75.1%
5/
16/
02-
6/
23/
02
The Hurricane
71.7%
2/
23/
03-
6/
5/
03
Matt Hardy
71%
1/
29/
06-
2/
18/
07
Gregory Helms
67.3%
7/
23/
07-
9/
28/
07
Hornswoggle
66.5%
Time Held
Superstar/Diva
% Correct
7/
30/
01-
10/
11/
01
X-Pac
66.4%
3/
18/
01-
7/
5/
01
Shane Helms
65.8%
2/
24/
97-
06/
28/
97
Syxx
65.4%
12/
29/
96-
1/
22/
97
Ultimo Dragon
63.3%
12/
29/
97-
1/
8/
98
Ultimo Dragon
63.3%
4/
21/
02-
5/
16/
02
Tajiri
63.3%
9/
25/
03-
1/
1/
04
Tajiri
63.3%
10/
22/
01-
4/
4/
02
Tajiri
62.4%
6/
23/
02-
11/
17/
02
Jaime Noble
62.4%
10/
27/
91-
12/
25/
91
Brian Pillman
60.3%
2/
29/
92-
6/
20/
92
Brian Pillman
60.3%
3/
31/
05-
8/
6/
05
Paul London
55.7%
12/
25/
91-
2/
29/
92
Jushin Liger
55.1%
4/
19/
99-
4/
26/
99
Psicosis
48.3%
12/
19/
05-
1/
29/
06
Kid Kash
46.2%
12/
12/
04-
2/
20/
05
Funaki
45.2%
7/
28/
97-
8/
12/
97
Alex Wright
42.7%
8/
19/
99-
1/
16/
00
Madusa
41.7%
7/
29/
04-
12/
12/
04
Spike Dudley
41.6%
5/
6/
04-
5/
16/
04
Jacqueline
40.9%
6/
20/
92-
7/
5/
92
Scotty Flamingo
39.2%
7/
31/
00-
8/
14/
00
Lance Storm
37.5%
8/
6/
05-
10/
9/
05
Nunzio
37.3%
11/
15/
05-
11/
26/
05
Nunzio
37.3%
1/
16/
00-
2/
20/
00
Oklahoma
35.9%
5/
20/
04-
6/
17/
04
Chavo Classic
34.5%
4/
26/
99-
8/
19/
99
Evan Karagias
33.4%
7/
5/
92-
3/
20/
96
Brad Armstrong
30.3%
8/
14/
00-
10/
2/
00
Elix Skipper
29.6%
3/
20/
96-
5/
2/
96
Shinjiro Otani
26.3%
3/
31/
00-
4/
16/
00
The Artist
26.2%
2/
20/
00-
3/
30/
00
The Artist
24.7%
5/
15/
00-
5/
22/
00
Crowbar & Daffney
24.3%
5/
22/
00-
6/
6/
00
Daffney
24.3%
4/
16/
00-
5/
15/
00
Chris Candido
24.1%
10/
2/
00-
12/
4/
00
Mike Sanders
19.6%
6/
6/
00-
7/
31/
00
Lt. Loco
15.9%
Quiz Playlist
Details
Report
Send in Message
Add To Playlist
Classic:
Type in answers that appear in a list
Quiz Source
Last Updated: Feb 16, 2017
Quiz Scoreboard
CHALLENGE
Sign Up to Join the Scoreboard
Show All
Scores
Hide
Comments
May contain spoilers
Recently Published
Billboard Blitz: Fleetwood Mac
by CooCooCachoo
Music
15s
Presidents Visiting Landmarks
by Hejman
History
7m
An Introduction to Baseball
by treessimontrees
Sports
5m
More to Explore
Quiz From the Vault
Featured Blog Post
Where Did the Easter Bunny Come From?
hide this ad
You Might Also Like...
Tags
WWE Quiz
champion
Cruiserweight
Diva
Superstar
WCW
Today's Top Quizzes in Sports
Browse Sports
hide this ad
Today's Top Quizzes in WWE
Browse WWE
Top Contributed Quizzes in Sports
1
Les meilleurs buteurs des matchs entre le PSG et l’OM
2
2022 World Cup Stars
3
FIFA Club World Cup Champions
4
Les entraîneurs de l'OM et du PSG au 21e siècle
5
Name the Premier League winners with different clubs
6
5-to-1: UK Sports Teams
7
La finale Lions - Afrique du Sud 2021
8
Criteria MLB: Left Handed Sluggers
9
AFC Teams Reveal (Wrong Answers Minefield)
10
England Test cricketers to play under Nasser Hussain
Explore More
Trending Topics
Marvel
NBA
Disney
Harry Potter
Crossword
Kpop
Anime
Country
The Office
Pokémon
Song
Puzzle
NFL
Soccer
WWE
hide this ad
More By:
nolan21912
Quiz
Plays
Rating
Category
Featured
Created
Total Drama Island Campers' Fears
13,592
3.60
Television
Nov 22, 2009
Total Drama Series Couples
1,294
2.00
Television
Nov 22, 2009
WCW/WWE Cruiserweight Champions
1,222
3.40
Sports
Sep 27, 2009
Total Drama Series characters
495
Television
Nov 21, 2009
Green Bay Packers Home Fields
316
4.75
Sports
Jan 10, 2010
Go to Creator's Profile
Score Distribution
Quiz Creator Spotlight
nolan21912
Follow
Send a Message
Quizzes Created
-
Created Quiz Play Count
-
More By This Creator
Popular Quizzes Today
1
Find the US States - No Outlines Minefield
2
Find the Countries of Europe - No Outlines Minefield
3
The Countries of the World
4
Find the US States
5
Popular People in 1961
6
US States
7
Risky Map Clicking: Biggest States A-Z
8
Movies - When Are They Set?
More Sports Quizzes
Quick Pick: NFL Teams With the Most Hall of Famers
Quiz Lab
Trending Quizzes
Risky Map Clicking: Least Populous States A-Z
1-10 Letter G Words
1-10 Letter F Words
Risky Map Clicking: Next State Alphabetically
Risky Map Clicking: Biggest States A-Z
Recently Updated
Leaping Animals
pecheneg
Reality TV Shows (A-Z)
bhenderson79
Rickey Henderson's Hall of Fame Teammates
pecheneg
Champions League XIs: Arsenal
pecheneg
Quick Pick: Celebrities in WWE's Hall of Fame
aduchscher
A-Z Keypad Blitz II
pecheneg
Multiple Oscar Actors
pecheneg
Mystery Phrase Blitz: Oscar 'Best Actors'
pecheneg
F. Scott Fitzgerald Novels
LTH
Pick 3 Villains
ddd62291
Trending Topics
Harry Potter
Crossword
Disney
Kpop
Anime
Marvel
NBA
The Office
Pokémon
Puzzle
Song
Country
Soccer
NFL
WWE
Your Account Isn't Verified!
In order to create a playlist on Sporcle, you need to verify the email address you used during registration. Go to your
Sporcle Settings
to finish the process.
Report this User
Report this user for behavior that violates our
Community Guidelines
.
Details:
Send Report
Go to the Sporcle.com Mobile Site →
Comments